Stavby jaderné energetiky : Předprojektová a projektová príprava procesu výstavby jaderných elektráren /

Na minha lista:
Detalhes bibliográficos
Autor principal: Chaluš, Zdeněk (Author)
Formato: Livro
Idioma:tcheco
Publicado em: Praha : Ústřední informační středisko pro jaderní program, 1986
Edição:1.vyd.
Tags: Adicionar Tag
Sem tags, seja o primeiro a adicionar uma tag!

MARC

LEADER 00000nam a22000003a 4500
001 stu7528
005 20150617225809.6
008 950328s1986----xxr-----------------cze-d
040 |a STU  |b slo 
041 0 |a cze 
044 |a xxr 
080 |a 621.039 
080 |a 624 
100 1 |a Chaluš, Zdeněk  |4 aut 
245 1 |a Stavby jaderné energetiky :  |b Předprojektová a projektová príprava procesu výstavby jaderných elektráren /  |c [aut.] Chaluš,Zdeněk 
250 |a 1.vyd. 
260 |a Praha :  |b Ústřední informační středisko pro jaderní program,  |c 1986 
300 |a 233 s 
996 |b E59067  |c E*59067  |l EE10  |s P  |a 0  |w stu7528_0001 
996 |b 284EK03748  |c E*59191  |l EE01  |s A  |a 24  |w stu7528_0002 
996 |b E61415  |c E*61415  |l EE15  |s P  |a 0  |w stu7528_0003